Statistics for Biggest Countries with Short Names

Click here to take the quiz!

General Stats

  • This quiz has been taken 50 times
  • The average score is 23 of 30

Answer Stats

LettersCountry% Correct
5China
98%
5India
93%
5Japan
93%
6Brazil
91%
5Egypt
91%
5Spain
91%
4Iran
89%
5Italy
89%
6Russia
89%
6France
87%
4Peru
87%
4Iraq
85%
6Mexico
85%
5Niger
85%
6Canada
80%
5Chile
80%
5Kenya
80%
5Sudan
80%
6Turkey
74%
4Mali
72%
6Poland
67%
6Angola
65%
5Nepal
65%
5Yemen
63%
5Syria
59%
6Taiwan
59%
5Ghana
57%
6Zambia
57%
6Uganda
52%
6Malawi
41%

Score Distribution

Percentile by Number Answered

Percent of People with Each Score

Your Score History

You have not taken this quiz